| 000 | 009260000a22002290004500 | ||
|---|---|---|---|
| 020 | _a978-698-16-8372 | ||
| 041 | 0 | _aSPA | |
| 082 | 0 | 4 | _aG 302.545 B3473a |
| 100 | 1 | _aBauman, Zygmunt | |
| 245 | 1 | 0 | _aAmor Líquido, acerca de la fragilidad de los vínculos humanos / Bauman Zygmunt ; traducido por: Mirta Rosenberg y Jaime Arrambide |
| 260 | _aMéxico : Fondo de Cultura Económica | ||
| 300 | _a201 páginas | ||
| 500 | _aTítulo original en inglés: Liquid Love: on the frailty of human bonds | ||
| 501 | _arústico | ||
| 505 | 0 | 0 | _aPrólogo -- Enamorarse y desenamorarse -- Fuera y dentro de la caja de herramientas de la sociedad -- Sobre la dificultad de amar al prójimo -- La unión desmantelada |
| 650 | 1 | 4 | _aRELACIONES HUMANAS \ Noviazgo \ Amor del prójimo |
| 001 | 18390 | ||
| 942 | _cBK | ||
| 999 |
_c44832 _d44832 |
||
| 336 |
_atexto _btxt _2rdacontent |
||
| 337 |
_2rdamedia _asin mediación _bn |
||
| 338 |
_2rdacarrier _avolumen _bnc |
||